00966nam a2200241Ia 4500001000600000003000900006008004100015040001300056040001300069041001300082100001900095100002800114245003900142245003200181250001100213260001200224260001400236260004900250300005800299500032200357650001400679650003100693 9169IT-RoPAU130308s9999 xx 000 0 und d aIT-RoPAU cIT-RoPAU aITALIANO aWeinberger Ota gCodice Aut. SPICS: 515 aLogica delle norme e domini logici bLogica Deontica e Semantica a1a ed. aBOLOGNA bIl Mulino c1977 [1° Ed.:1977 - Ed.Ling.Originale:1975] a"52 p. (prefazione: no ; testo: 52 [pagine: 95-146])" aDeterminazione del dominio e Problemi logici Fondamentali Ontologia Logica Struttura Razionale e Logica dominio della Logica delle norme Norma e Sistema Normativo Contenuto Normativo Operatori normativi e negazione dell'operatore Comportamento Azione Omissione Enunciato Normativo Condizionale Concetto di Permissione aSEMANTICA eCodice materia Spics: 3301